000 00824nam a2200205 a 4500
001 000048816
005 20250116162810.0
008 190412s2013 dr ad 000 0 spa d
020 _a9789945009293
040 _aDO-SdBNP
_bspa
_cBNPHU
082 _axxxx
_bA162r
100 1 _aAbreu, Altagracia Miguelina
_976269
245 1 0 _aReflexionando la enseñanza y el aprendizaje de las matemáticas /
_cAltagracia Miguelina Abreu, José E. Montes de Oca.
246 1 0 _aReflexionando la enseñanza y el aprendizaje de las matemáticas.
_bExperiencias en el Distrito Educativo 03-04
260 _aSanto Domingo :
_bMINERD,
_c2013.
300 _a102 p. :
_bil., gráf. ;
_c23 cm.
504 _aBibliografía: p. 101-102
700 1 _aMontes de Oca, José E.
_976270
710 1 _aRepública Dominicana
_bMinisterio de Educación
_972019
999 _c48304
_d48304